Comuni delle Marche - Statistics

Statistiche generali
  • Questo quiz è stato fatto 17 volte
  • Il punteggio medio è 48 su 225
Statistiche sulle risposte
Provincia Comune % Corretto
Ancona
93%
Ascoli Piceno
93%
Jesi
93%
Macerata
93%
Pesaro
93%
Urbino
93%
Fermo
87%
Senigallia
87%
Camerino
80%
Fano
80%
Civitanova Marche
73%
Loreto
73%
San Benedetto del Tronto
67%
Gabicce Mare
60%
Osimo
60%
Porto Sant'Elpidio
60%
Recanati
60%
Appignano
53%
Cupra Marittima
53%
Fabriano
53%
Falconara Marittima
53%
Grottammare
53%
Porto Recanati
53%
Porto San Giorgio
53%
Tolentino
53%
Castel di Lama
47%
Cupramontana
47%
Urbania
47%
Arquata del Tronto
40%
Cagl
40%
Camerano
40%
Matelica
40%
Numana
40%
Offida
40%
Ostra
40%
Pedaso
40%
Arcevia
33%
Belvedere Ostrense
33%
Carassai
33%
Castelfidardo
33%
Chiaravalle
33%
Cingoli
33%
Colli del Tronto
33%
Comunanza
33%
Filottrano
33%
Fossombrone
33%
Genga
33%
Maltignano
33%
Pergola
33%
Potenza Picena
33%
San Severino Marche
33%
Sant'Elpidio a Mare
33%
Sassoferrato
33%
Treia
33%
Pesaro e Urbino Acqualagna
27%
Ascoli Piceno Acquasanta Terme
27%
Amandola
27%
Appignano del Tronto
27%
Barbara
27%
Campofilone
27%
Castelbellino
27%
Castelplanio
27%
Castelraimondo
27%
Corinaldo
27%
Corridonia
27%
Folignano
27%
Monsampolo del Tronto
27%
Monteprandone
27%
Monte Vidon Corrado
27%
Muccia
27%
Sirolo
27%
Spinetoli
27%
Venarotta
27%
Ancona Agugliano
20%
Apecchio
20%
Macerata Apiro
20%
Bolognola
20%
Camerata Picena
20%
Cantiano
20%
Castignano
20%
Cerreto d'Esi
20%
Cossignano
20%
Fiastra
20%
Gradara
20%
Maiolati Spontini
20%
Massa Fermana
20%
Massignano
20%
Mondolfo
20%
Montefiore dell'Aso
20%
Montefortino
20%
Montegallo
20%
Montelparo
20%
Montelupone
20%
Montemarciano
20%
Montemonaco
20%
Monte San Giusto
20%
Monte Urano
20%
Monte Vidon Combatte
20%
Ripatransone
20%
San Lorenzo in Campo
20%
Staffolo
20%
Tavullia
20%
Urbisaglia
20%
Visso
20%
Acquaviva Picena
13%
Fermo Altidona
13%
Belforte all'Isauro
13%
Belforte del Chienti
13%
Caldarola
13%
Carpegna
13%
Castelleone di Suasa
13%
Castelsantangelo sul Nera
13%
Cessapalombo
13%
Fermignano
13%
Fiuminata
13%
Force
13%
Fratte Rosa
13%
Frontino
13%
Frontone
13%
Gagliole
13%
Lapedona
13%
Macerata Feltria
13%
Mercatello sul Metauro
13%
Montalto delle Marche
13%
Montappone
13%
Montecarotto
13%
Montecosaro
13%
Montedinove
13%
Monte Giberto
13%
Montegranaro
13%
Monte Rinaldo
13%
Monterubbiano
13%
Morro d'Alba
13%
Macerata Morrovalle
13%
Offagna
13%
Ostra Vetere
13%
Peglio
13%
Pollenza
13%
Polverigi
13%
Rapagnano
13%
Ascoli Piceno Roccafluvione
13%
Rosora
13%
Rotella
13%
Sarnano
13%
Sassocorvaro Auditore
13%
Serra de' Conti
13%
Belmonte Piceno
7%
Borgo Pace
7%
Camporotondo di Fiastrone
7%
Cartoceto
7%
Colli al Metauro
7%
Colmurano
7%
Francavilla d'Ete
7%
Grottazzolina
7%
Gualdo
7%
Isola del Piano
7%
Loro Piceno
7%
Magliano di Tenna
7%
Mergo
7%
Mogliano
7%
Mombaroccio
7%
Mondavio
7%
Monsano
7%
Montecalvo in Foglia
7%
Montecassiano
7%
Montefalcone Appennino
7%
Montefano
7%
Montegiorgio
7%
Monte San Martino
7%
Monte San Vito
7%
Montottone
7%
Moresco
7%
Ortezzano
7%
Palmiano
7%
Penna San Giovanni
7%
Petriolo
7%
Petritoli
7%
Piandimeleto
7%
Piobbico
7%
Pioraco
7%
Poggio San Marcello
7%
Poggio San Vicino
7%
San Costanzo
7%
San Ginesio
7%
San Marcello
7%
San Paolo di Jesi
7%
Sant'Angelo in Vado
7%
Serrapetrona
7%
Serra San Quirico
7%
Smerillo
7%
Torre San Patrizio
7%
Trecastelli
7%
Ussita
7%
Vallefoglia
7%
Castorano
0%
Esanatoglia
0%
Falerone
0%
Lusano
0%
Mercatino Conca
0%
Monsampietro Morico
0%
Monte Cavallo
0%
Monte Cerignone
0%
Montefelcino
0%
Monte Grimano Terme
0%
Monteleone di Fermo
0%
Montellabate
0%
Monte Porzio
0%
Monte Roberto
0%
Monte San Pietrangeli
0%
Patriano
0%
Pietrarubbia
0%
Pieve Torina
0%
Ponzano di Fermo
0%
Ripe San Ginesio
0%
Santa Maria Nuova
0%
Sant'Angelo in Pontano
0%
Santa Vittoria in Matenano
0%
Sant'Ippolito
0%
Sefro
0%
Serra Sant'Abbondio
0%
Serravalle di Chienti
0%
Servigliano
0%
Tavoleto
0%
Terre Roveresche
0%
Valfornace
0%
Nessun quiz corrispondente trovato
Distribuzione punteggi
Percentuale di utenti per punteggio
Percentile per numero di risposta
I tuoi punteggi nel tempo
Non hai fatto questo quiz